| 000 | 00815nam a22002297a 4500 | ||
|---|---|---|---|
| 999 |
_c17123 _d17123 |
||
| 003 | AR-CdUCM | ||
| 008 | 190325b ||||| |||| 00| 0 spa d | ||
| 020 | _a968-411-064-2 | ||
| 040 |
_aMUNICIPALIDAD PROVINCIAL DEL CUSCO _cBIBLIOTECA MUNICIPAL DEL CUSCO |
||
| 082 |
_a335.4 / _bG39 |
||
| 100 |
_aGramsci, Antonio _923588 |
||
| 245 |
_aCuadernos de la cárcel : _bEdición critica del instituto Gramsci a cargo de Valentino Guerratana cuadernos 1(XVI) 1929-1930, 2 ( XXIV) 1929-1933 / ( |
||
| 260 |
_aMexico : _bHera, _c1981 |
||
| 300 |
_a452 páginas ; _c18 cm |
||
| 505 | _aContenido: Cuadernos de la cárcel. | ||
| 650 |
_aSociales _928612 |
||
| 650 |
_aCuadernos _936979 |
||
| 650 |
_aCárcel _957 |
||
| 700 |
_aPalos, Ana María (traducción) _936980 |
||
| 942 |
_2ddc _cLIBROS |
||
| 945 |
_arah _d07/05/2019 |
||